A synthesis of Keynesian, monetary, and portfolio approaches to flexible exchanges rates (Registro nro. 26493)
[ vista simple ]
| 000 -LEADER | |
|---|---|
| fixed length control field | 00415 a2200121 4500 |
| 001 - CONTROL NUMBER | |
| control field | ART_12598 |
| 005 - DATE AND TIME OF LATEST TRANSACTION | |
| control field | 20260410161907.0 |
| 008 - FIXED-LENGTH DATA ELEMENTS--GENERAL INFORMATION | |
| fixed length control field | 260409a |
| 100 1# - MAIN ENTRY--PERSONAL NAME | |
| Personal name | Helliwell, John F. |
| 245 10 - TITLE STATEMENT | |
| Title | A synthesis of Keynesian, monetary, and portfolio approaches to flexible exchanges rates |
| 700 1# - ADDED ENTRY--PERSONAL NAME | |
| Personal name | Gylfason, Thorvaldur |
| 773 0# - HOST ITEM ENTRY | |
| Title | The Economic Journal |
| Related parts | - Vol. 93, Nº 372 (dic. 1983) |
| Record control number | REV12512 |
No hay ítems disponibles.